000 00491nam a2200169Ia 4500
008 230718s9999 xx 000 0 und d
020 _a9788184896244
041 _aeng
082 _a005.678
_bSTU
100 _aStuckenschmidt H.
_9192641
245 _aInformation Sharing On The Semantic Web
260 _c2010
_bSpringer
300 _a276
365 _cRs.
_b750.00
700 _aStuckenschmidt H. & Harmelen F.V.
_9192642
906 _dO:0512822-Jun-2016B:IN 17017-Jun-2016
_cCOMP
_b187.5
999 _c342200
_d342200